Les joueurs Africains qui ont remporté la LDC et la CAN. - Statistiques

Statistiques générales
  • Ce quiz a été pris 113 fois
  • Le résultat moyen est 5 sur 8
Statistiques - réponses
Joueurs
Africains
LDC Can Nationalité % Correct
Samuel Eto'o 2000 20062009 2010 20002002 Cameroun
97%
Sadio Mané 2019 2022 Sénégal
94%
Riyad Mahrez 2023 2019 Algérie
93%
Yaya Touré 2009 2015 Côte d'ivoire
81%
Edouard Mendy 2021 2022 Sénégal
52%
John Obi Mikel 2012 2013 Nigeria
39%
Salomon Kalou 2012 2015 Côte d'ivoire
36%
Geremi Njitap 20002002 20002002 Cameroun
4%
Aucun quiz correspondant
Distribution des résultats
% des personnes avec chaque résultat
Percentile par nombre de réponses
Votre historique - résultats
Vous n’avez pas pris ce quiz